Normal view MARC view
  • Dowling, Edward Thomas,

Entry Personal Name

Number of records used in: 1

001 - CONTROL NUMBER

  • control field: 90859

003 - CONTROL NUMBER IDENTIFIER

  • control field: NUST

005 - DATE AND TIME OF LATEST TRANSACTION

  • control field: 20220411100447.0

008 - FIXED-LENGTH DATA ELEMENTS

  • fixed length control field: 220411|| aca||aabn | a|a d

040 ## - CATALOGING SOURCE

  • Original cataloging agency: NUST
  • Transcribing agency: NUST

100 ## - HEADING--PERSONAL NAME

  • Personal name: Dowling, Edward Thomas,
  • Dates associated with a name: 1938-

670 ## - SOURCE DATA FOUND

  • Source citation: Work cat.: (NUST)0: Dowling, Edward Thomas, 1938-, Schaum's outline of theory and problems of introduction to mathematical economics /, 1980.
© 2023 Central Library, National University of Sciences and Technology. All Rights Reserved.